[Event "London Classic FIDE Open"]
[Site "London ENG"]
[Date "2011.12.10"]
[Round "8"]
[White "De Lagontrie, Jean"]
[Black "Sigurdsson, Birkir Karl"]
[Result "0-1"]
[WhiteElo "1912"]
[BlackElo "1649"]
[WhiteFideId "605271"]
[BlackFideId "2304180"]
[EventDate "2011.12.03"]

1. d4 Nf6 2. c4 e6 3. Nc3 Bb4 4. e3 O-O 5. Ne2 b6 6. a3 Bxc3+ 7. Nxc3 Bb7 8. Bd3
d6 9. O-O Nbd7 10. f4 c5 11. b4 Rc8 12. Nb5 d5 13. Nd6 Rc7 14. Nxb7 Rxb7 15. Qf3
Rc7 16. dxc5 bxc5 17. b5 Nb6 18. Qe2 dxc4 19. Bxc4 Nfd5 20. Rd1 Nc3 21. Rxd8
Nxe2+ 22. Bxe2 Rxd8 23. a4 Nd5 24. e4 Nf6 25. Bf3 c4 26. Be3 Rdc8 27. a5 c3 28.
b6 axb6 29. axb6 Rb7 30. e5 Nd5 31. Bxd5 exd5 32. Kf1 Kf8 33. Ke2 Rc4 34. Ra8+
Ke7 35. Ra7 Rxa7 36. bxa7 Rc8 37. Kd1 c2+ 38. Kc1 Ke6 39. Bc5 g5 40. Bd6 Ra8 41.
Bb8 gxf4 42. Kxc2 d4 43. Kd2 Kd5 44. Kd3 h6 45. h3 Kc5 46. e6 fxe6 47. Be5 Kd5
48. Bxd4 e5 49. Bb6 e4+ 50. Ke2 Kc6 51. Bd4 Kb7 52. Be5 Rf8 53. Bd4 Rf5 54. Kf2
h5 55. g4 hxg4 56. hxg4 Rg5 0-1

[Event "London Classic FIDE Open"]
[Site "London ENG"]
[Date "2011.12.10"]
[Round "8"]
[White "Herda, Christoph"]
[Black "Cetens, Edward"]
[Result "0-1"]
[WhiteElo "1908"]
[BlackElo "1708"]
[WhiteFideId "24623369"]
[BlackFideId "360465"]
[EventDate "2011.12.03"]

1. Nc3 e5 2. Nf3 Nc6 3. d4 exd4 4. Nxd4 Bc5 5. Be3 Bb4 6. Nxc6 Bxc3+ 7. bxc3
bxc6 8. Qd4 Qf6 9. Rb1 Qg6 10. Qd3 Ne7 11. g3 Nd5 12. Bd2 O-O 13. Bg2 Nb6 14.
O-O d5 15. Qxg6 hxg6 16. e4 Ba6 17. Rfe1 Bc4 18. a3 Rfe8 19. Bf4 Na4 20. Rb7 Re7
21. Re3 Nc5 22. Rxc7 Rxc7 23. Bxc7 Ne6 24. Bd6 Rd8 25. e5 Rd7 26. Bf1 Bxf1 27.
Kxf1 Rb7 28. Ke2 Rb2 29. Kd2 Ng5 30. Kc1 Rb3 31. f3 Ne6 32. Rd3 Rb7 33. h4 Kh7
34. Rd1 Kh6 35. Kd2 Rb2 36. Ra1 g5 37. Bb4 d4 38. hxg5+ Kxg5 39. c4 a5 40. Kc1
Rxb4 41. axb4 axb4 42. Ra7 Kg6 43. c5 d3 44. cxd3 Nxc5 45. d4 Nb3+ 46. Kb2 Nxd4
47. f4 Ne2 48. Rc7 Nxg3 49. Rxc6+ Kf5 50. Rc7 Ke6 51. Kb3 Nf5 52. Kc4 Nh6 53.
Kd4 Kf5 54. Ke3 Ng4+ 55. Kf3 Nh6 56. Rb7 g6 57. Rxb4 Ke6 58. Rb6+ Ke7 59. Kg3
Nf5+ 60. Kf3 Nh6 61. Ke4 Nf5 62. Ra6 Ke8 63. Rf6 Ng7 64. Ra6 Nf5 65. Ra7 Ne7 66.
Kd4 Nc6+ 0-1

[Event "London Classic FIDE Open"]
[Site "London ENG"]
[Date "2011.12.10"]
[Round "8"]
[White "Knecht, Guntram"]
[Black "Jones, Chris S"]
[Result "1/2-1/2"]
[WhiteElo "2123"]
[BlackElo "1868"]
[WhiteFideId "1609831"]
[BlackFideId "414905"]
[EventDate "2011.12.03"]

1. d4 Nf6 2. c4 g6 3. Nc3 Bg7 4. e4 d6 5. f3 O-O 6. Be3 Nbd7 7. Qd2 a6 8. Nge2
c5 9. Nc1 cxd4 10. Bxd4 Nc5 11. Nb3 b6 12. Be2 Bb7 13. h4 Qc7 14. g4 e5 15. Be3
h5 16. g5 Ne8 17. Nd5 Bxd5 18. cxd5 Qd7 19. Bd3 Nc7 20. Nxc5 bxc5 21. a4 Rfb8
22. Qc2 Ra7 23. Bd2 Rab7 24. Bc3 Qc8 25. Kf2 Kf8 26. Kg2 Kg8 27. Rab1 Ra8 28. b4
Ne8 29. Bd2 Rc7 30. Rbc1 cxb4 31. Qb3 a5 1/2-1/2

[Event "London Classic FIDE Open"]
[Site "London ENG"]
[Date "2011.12.10"]
[Round "8"]
[White "Clayton, Tristan"]
[Black "Rogers, Tim L"]
[Result "0-1"]
[WhiteElo "1812"]
[BlackElo "2061"]
[WhiteFideId "416533"]
[BlackFideId "418137"]
[EventDate "2011.12.03"]

1. e4 c6 2. d4 d5 3. Nc3 dxe4 4. Nxe4 Nd7 5. Nf3 Ngf6 6. Ng3 c5 7. dxc5 e6 8.
Be2 Bxc5 9. O-O O-O 10. b3 b6 11. Bb2 Qc7 12. c4 Bb7 13. Nd2 Ne5 14. Bxe5 Qxe5
15. Bf3 Bxf3 16. Qxf3 Bb4 17. Nde4 Rad8 18. Nxf6+ Qxf6 19. Qxf6 gxf6 20. Ne4 Kg7
21. Rfd1 Kg6 22. Kf1 f5 23. Ng3 Kf6 24. Ke2 Ke7 25. Rxd8 Rxd8 26. Rd1 Rxd1 27.
Kxd1 Kd6 28. Kc2 Ke5 29. Kd3 Bc5 30. f3 Bg1 31. h3 Bf2 32. Ne2 Bc5 33. Nc1 Ba3
34. Ne2 h5 35. Kc2 h4 36. Kd3 Bc5 37. Nc1 Be7 38. Ne2 Bc5 39. Nc1 Kd6 40. Ne2 a6
41. a4 Bb4 42. Kc2 Kc5 43. Kd3 Be1 44. Kc2 Bf2 45. Kd3 Kb4 46. Kc2 Be3 47. Nc3
Bg5 48. Ne2 Bh6 49. Nd4 Bg7 50. Ne2 e5 51. Nc1 e4 52. fxe4 fxe4 53. Ne2 Be5 54.
Nc1 f5 55. Ne2 f4 56. Ng1 Bf6 57. Ne2 f3 58. gxf3 exf3 59. Nf4 Bd4 0-1

[Event "London Classic FIDE Open"]
[Site "London ENG"]
[Date "2011.12.10"]
[Round "8"]
[White "Pattni, Kishan"]
[Black "Kluger, Carsten"]
[Result "0-1"]
[WhiteElo "1687"]
[BlackElo "2060"]
[WhiteFideId "420751"]
[BlackFideId "4680855"]
[EventDate "2011.12.03"]

1. e4 g6 2. d4 c6 3. Bd3 Bg7 4. c3 d5 5. e5 b6 6. Be3 Ba6 7. Bc2 e6 8. Ne2 Ne7
9. Bg5 Nd7 10. Nd2 Bf8 11. Bh4 Qc7 12. O-O h6 13. f4 Nf5 14. Bf2 Be7 15. Re1 Nf8
16. Ng3 Bc8 17. Nf3 Bd7 18. Nxf5 exf5 19. Bh4 Be6 20. Qe2 Qd7 21. b4 Bxh4 22.
Nxh4 g5 23. fxg5 hxg5 24. Nf3 Qe7 25. Nd2 Ng6 26. a4 g4 27. Nf1 Qg5 28. Qd2 Qxd2
29. Nxd2 Ne7 30. a5 O-O 31. axb6 axb6 32. Nf1 Rfc8 33. Ng3 Kh7 34. Nh5 c5 35.
Nf6+ Kh6 36. bxc5 Rxa1 37. Rxa1 bxc5 38. Ba4 cxd4 39. cxd4 Rc4 40. Be8 Rxd4 41.
Ra7 Ng6 42. Bxf7 Bxf7 43. Rxf7 Nxe5 44. Ra7 Kg5 45. Ra6 Rd1+ 46. Kf2 Rd2+ 47.
Kf1 Kf4 48. Nh5+ Ke3 49. Ra1 Nc4 50. Re1+ Kd4 51. Nf4 Ne3+ 52. Kg1 Ke4 53. g3 d4
54. Ne2 Nc2 0-1

[Event "London Classic FIDE Open"]
[Site "London ENG"]
[Date "2011.12.10"]
[Round "8"]
[White "Cohen, Ronnie"]
[Black "Kalerwa, Edwin M"]
[Result "1-0"]
[WhiteElo "1930"]
[BlackElo "1728"]
[WhiteFideId "412082"]
[BlackFideId "422223"]
[EventDate "2011.12.03"]

1. e4 c5 2. Nf3 Nc6 3. d4 cxd4 4. Nxd4 e5 5. Nb5 d6 6. c4 a6 7. N5a3 f5 8. Nc3
Nf6 9. Bd3 f4 10. Nc2 Be7 11. Bd2 O-O 12. b4 Be6 13. Nd5 Kh8 14. a4 Rf7 15. a5
Bf8 16. Bc3 g5 17. Qd2 Bg7 18. O-O g4 19. b5 axb5 20. cxb5 Ne7 21. Nxf6 Bxf6 22.
Rfd1 d5 23. exd5 Nxd5 24. Bb2 Qf8 25. Re1 Qg7 26. Nd4 Bd7 27. Nb3 b6 28. Bc4 Be6
29. axb6 Rd8 30. Qe2 Re7 31. Nc5 Bg8 32. b7 f3 33. Qe4 Nb6 34. Bxg8 Kxg8 35. Ra8
Ree8 36. Rxd8 Rxd8 37. Ne6 1-0

[Event "London Classic FIDE Open"]
[Site "London ENG"]
[Date "2011.12.10"]
[Round "8"]
[White "Opasiak, Dustin Tennessee"]
[Black "Kane, Robert"]
[Result "1-0"]
[WhiteElo "1737"]
[BlackElo "1888"]
[WhiteFideId "24630217"]
[BlackFideId "420468"]
[EventDate "2011.12.03"]

1. e4 c5 2. Nf3 Nc6 3. Bb5 g6 4. O-O Bg7 5. Re1 a6 6. Bf1 d6 7. c4 Bg4 8. h3
Bxf3 9. Qxf3 e6 10. Nc3 Nge7 11. b3 O-O 12. Bb2 f5 13. Qd3 Bd4 14. Nd1 Ne5 15.
Qb1 f4 16. Bxd4 cxd4 17. Nb2 N7c6 18. Nd3 Qh4 19. Nxe5 Nxe5 20. Qb2 Qg5 21. Kh2
Qf6 22. b4 g5 23. Qb3 g4 24. c5 g3+ 25. fxg3 f3 26. Bc4 fxg2 27. Bxe6+ Kh8 28.
Bf5 Qh6 29. Re2 Qh5 30. g4 Qg5 31. Kxg2 dxc5 32. bxc5 Rae8 33. Rf2 Ng6 34. Qxb7
Nh4+ 35. Kg3 Nxf5+ 36. exf5 Qf6 37. Qd5 Re3+ 38. dxe3 dxe3 39. Rff1 e2 40. Rfe1
Qc3+ 41. Kg2 1-0

[Event "London Classic FIDE Open"]
[Site "London ENG"]
[Date "2011.12.10"]
[Round "8"]
[White "Steinhart, Roel"]
[Black "Burnham, Frank D"]
[Result "0-1"]
[WhiteElo "1594"]
[BlackElo "1788"]
[WhiteFideId "1040146"]
[BlackFideId "419516"]
[EventDate "2011.12.03"]

1. e4 c5 2. Bc4 e6 3. d3 Nc6 4. c3 d5 5. exd5 exd5 6. Bb3 Nf6 7. Bg5 Be7 8. Nd2
O-O 9. h4 Bg4 10. f3 Be6 11. Ne2 Qc7 12. Qc2 Nh5 13. d4 Ng3 14. Rg1 Nxe2 15.
Kxe2 cxd4 16. Kd1 Bxg5 17. hxg5 Qf4 18. g4 Qxg5 19. Rh1 h6 20. Rh5 Qe3 21. Rh1
d3 22. Qb1 Qe2+ 23. Kc1 Rfe8 24. Bd1 Qe3 25. b3 Rac8 26. Qb2 Nd4 27. Kb1 Ne2 28.
a3 Nxc3+ 29. Kc1 Na4+ 30. Kb1 Nxb2 31. Kxb2 Qxd2+ 32. Kb1 0-1

[Event "London Classic FIDE Open"]
[Site "London ENG"]
[Date "2011.12.11"]
[Round "9"]
[White "Arkell, Keith C"]
[Black "Gupta, Abhijeet"]
[Result "0-1"]
[WhiteTitle "GM"]
[BlackTitle "GM"]
[WhiteElo "2418"]
[BlackElo "2640"]
[WhiteFideId "400270"]
[BlackFideId "5010608"]
[EventDate "2011.12.03"]

1. d4 Nf6 2. Nf3 g6 3. c4 Bg7 4. g3 d5 5. cxd5 Nxd5 6. Nc3 Nxc3 7. bxc3 c5 8.
Bg2 Nc6 9. e3 O-O 10. O-O Be6 11. Nd2 cxd4 12. cxd4 Bd5 13. Bxd5 Qxd5 14. Qb3
Rfd8 15. Qxd5 Rxd5 16. Rb1 b6 17. Bb2 Rc8 18. Rfc1 Rdd8 19. Nb3 e5 20. dxe5 Nxe5
21. Bxe5 Bxe5 22. a4 Rxc1+ 23. Rxc1 Rd3 24. Rb1 Rc3 25. a5 b5 26. a6 b4 27. Nd4
Bxd4 28. exd4 Rc4 29. Kf1 Rxd4 30. Ke2 Kg7 31. Ke3 Rc4 32. Kd3 Rc6 33. Rxb4 Rxa6
34. Rb7 g5 35. h4 g4 36. Rb4 h5 37. Rb5 Kg6 38. Rg5+ Kh6 39. Rd5 f6 40. Rd8 Ra5
41. Rd7 Kg6 42. Rc7 Rd5+ 43. Ke3 Re5+ 44. Kd3 a5 45. Ra7 Kf5 46. Ra6 Rd5+ 47.
Ke3 Rb5 48. Kd4 Re5 49. Kd3 Rd5+ 50. Ke3 Ke5 51. Rb6 Rc5 52. Kd3 Kf5 53. Ra6 Kg6
54. Ra7 Re5 55. Kd2 Kf5 56. Kd3 Rb5 57. Kd4 Rb4+ 58. Kd3 Rb3+ 59. Ke2 Rb5 60.
Kd3 Ke5 61. Ra6 Rb3+ 62. Ke2 Ra3 63. Rb6 f5 64. Rb8 a4 65. Rb5+ Kd4 66. Rb4+ Kc3
67. Rf4 Ra2+ 68. Ke3 a3 69. Rxf5 Rb2 70. Rxh5 a2 71. Ra5 Kb4 72. Ra8 Rb3+ 73.
Kd4 Ra3 74. Rb8+ Ka4 75. Kc4 Rc3+ 76. Kxc3 a1=Q+ 77. Kd3 Qd1+ 78. Kc4 Qe2+ 0-1

[Event "London Classic FIDE Open"]
[Site "London ENG"]
[Date "2011.12.11"]
[Round "9"]
[White "Das, Arghyadip"]
[Black "Houska, Jovanka"]
[Result "1-0"]
[WhiteTitle "IM"]
[BlackTitle "IM"]
[WhiteElo "2470"]
[BlackElo "2415"]
[WhiteFideId "5003610"]
[BlackFideId "405094"]
[EventDate "2011.12.03"]

1. e4 c6 2. d4 d5 3. f3 g6 4. Nc3 Bg7 5. Be3 Qb6 6. Qd2 Qxb2 7. Rb1 Qa3 8. Bd3
Nd7 9. Nge2 dxe4 10. Nxe4 Ngf6 11. O-O Nxe4 12. fxe4 e5 13. Bc4 f6 14. Bb3 exd4
15. Bxd4 Qd6 16. Qc3 c5 17. Be3 Qe5 18. Qc4 Qe7 19. Nf4 Nb6 20. Qxc5 Qxc5 21.
Bxc5 Bd7 22. Bxb6 axb6 23. Nd5 O-O-O 24. Nxb6+ Kb8 25. Bd5 f5 26. Nc4 Bc8 27.
Na5 Rd7 28. Rb5 fxe4 29. Bxe4 Re8 30. Bc6 Bd4+ 31. Kh1 Rf7 32. Rfb1 Ref8 33. Bf3
Kc7 34. R1b4 Ba7 35. Rc4+ Kd6 36. Rd5+ Ke6 37. Rd1 Kf6 38. Bd5 Be6 39. Rf4+ Kg7
40. Rxf7+ Bxf7 41. c4 Bxd5 42. cxd5 Rf7 43. Rb1 Bb6 44. Nc4 Bc5 45. g3 Rd7 46.
Kg2 b6 47. d6 Kf6 48. a4 Ra7 49. Rd1 Rxa4 50. d7 Be7 51. Rd6+ Kg7 52. Nxb6 Ra2+
53. Kh3 Bd8 54. Nc4 h5 55. g4 hxg4+ 56. Kxg4 Rxh2 57. Ne5 Rg2+ 58. Kf3 Rg1 59.
Re6 Rf1+ 60. Kg2 Rf6 61. Re8 Ba5 62. Ra8 Bb6 63. Nc4 Bc7 64. Rc8 Rc6 65. d8=Q 1-0

[Event "London Classic FIDE Open"]
[Site "London ENG"]
[Date "2011.12.11"]
[Round "9"]
[White "Jones, Gawain C B"]
[Black "Thorfinnsson, Bjorn"]
[Result "1-0"]
[WhiteTitle "GM"]
[BlackTitle "IM"]
[WhiteElo "2635"]
[BlackElo "2402"]
[WhiteFideId "409561"]
[BlackFideId "2300982"]
[EventDate "2011.12.03"]

1. e4 e5 2. Nf3 Nf6 3. d4 Nxe4 4. Bd3 d5 5. Nxe5 Nd7 6. Nxd7 Bxd7 7. Nc3 Nxc3 8.
bxc3 Bd6 9. Qh5 Qe7+ 10. Be3 Be6 11. Bg5 Qd7 12. O-O Be7 13. Bxe7 Qxe7 14. a4 h6
15. Rab1 c6 16. f4 O-O-O 17. Qe2 Qa3 18. f5 Bd7 19. Ba6 Rde8 20. Bxb7+ Kc7 21.
Qa6 Qxc3 22. Qxa7 Kd6 23. a5 Re2 24. Qc5+ Qxc5 25. dxc5+ Kxc5 26. a6 Bc8 27. a7
Bxb7 28. Rxb7 Ra8 29. Ra1 Ree8 30. Rxf7 Rg8 31. Rb1 1-0

[Event "London Classic FIDE Open"]
[Site "London ENG"]
[Date "2011.12.11"]
[Round "9"]
[White "Hillarp Persson, Tiger"]
[Black "Ferguson, Mark"]
[Result "1-0"]
[WhiteTitle "GM"]
[BlackTitle "IM"]
[WhiteElo "2530"]
[BlackElo "2374"]
[WhiteFideId "1700812"]
[BlackFideId "403547"]
[EventDate "2011.12.03"]

1. c4 Nf6 2. Nc3 e5 3. Nf3 Nc6 4. g3 d5 5. cxd5 Nxd5 6. Bg2 Nb6 7. O-O Be7 8. a3
O-O 9. b4 Be6 10. Rb1 f6 11. d3 Nd4 12. Nd2 c6 13. Nde4 Nd5 14. e3 Nxc3 15. Nxc3
Nf5 16. Qc2 Rc8 17. Rd1 Qe8 18. Ne2 Qh5 19. d4 Nd6 20. Bb2 Bg4 21. Re1 Bf3 22.
e4 Nf7 23. Qd3 Bxg2 24. Kxg2 Rfd8 25. Qb3 Kh8 26. f3 f5 27. exf5 Qxf5 28. g4 Qg6
29. dxe5 Ng5 30. Rbd1 Rxd1 31. Rxd1 Rf8 32. Rf1 Rd8 33. Rd1 Rf8 34. Rf1 Rd8 35.
Bc1 Rd3 36. Qc4 Ne6 37. Nf4 Nxf4+ 38. Qxf4 Qe6 39. Qe4 Rd5 40. Bf4 a5 41. Re1
axb4 42. axb4 Rd8 43. Re2 Qb3 44. Bd2 Qd1 45. Bc3 Rd3 46. Be1 Rd4 47. Qe3 Rd3
48. Qf2 c5 49. bxc5 Bxc5 50. Qf1 Be7 51. Ra2 Rd8 52. Qe2 Qxe2+ 53. Rxe2 b5 54.
Re4 g5 55. h4 h6 56. e6 Rd3 57. hxg5 hxg5 58. Bb4 Bxb4 59. Rxb4 Kg7 60. Rxb5 Kg6
61. Re5 Rd8 62. e7 Re8 63. f4 gxf4 64. Kf3 Kf6 65. Kxf4 Kf7 66. Kf5 1-0

[Event "London Classic FIDE Open"]
[Site "London ENG"]
[Date "2011.12.11"]
[Round "9"]
[White "Pert, Richard G"]
[Black "Slavin, Alexei"]
[Result "1/2-1/2"]
[WhiteTitle "IM"]
[BlackTitle "IM"]
[WhiteElo "2455"]
[BlackElo "2400"]
[WhiteFideId "404748"]
[BlackFideId "24104388"]
[EventDate "2011.12.03"]

1. d4 Nf6 2. c4 e6 3. Nc3 Bb4 4. a3 Bxc3+ 5. bxc3 b6 6. Bg5 h6 7. Bh4 Nc6 8. Nf3
Ba6 9. Nd2 Qe7 10. e3 e5 11. Be2 Na5 12. O-O d6 13. c5 Bxe2 14. Qxe2 dxc5 15.
Qf3 e4 16. Qf5 Qe6 17. Qxe6+ fxe6 18. dxc5 g5 19. Bg3 O-O-O 20. Ra2 Rd3 21. cxb6
axb6 22. f3 Rhd8 23. Be5 Rxd2 24. Rxd2 Rxd2 25. Bxf6 Nc4 26. Rf2 Rd1+ 27. Rf1
Rxf1+ 28. Kxf1 exf3 29. gxf3 Nxe3+ 30. Kf2 Nf5 31. h3 b5 32. f4 gxf4 33. Kf3 Kd7
34. Kxf4 c6 35. Ke4 Kd6 36. Be5+ Ke7 37. Kd3 Nd6 38. Kd4 Nf7 39. Bg3 Kd7 40. Kc5
Ng5 41. Bf4 Nxh3 42. Bxh6 Nf2 43. c4 Ne4+ 44. Kb4 bxc4 45. Kxc4 Kc7 46. Bf4+ Kb6
47. Kd4 Nc5 48. Be3 Nd7 49. Kc4+ c5 50. Bg1 Ne5+ 51. Kb3 Nc6 52. Kc4 Na5+ 53.
Kd3 Kb5 54. Ke4 Nc6 55. a4+ Kb4 56. a5 c4 57. a6 c3 58. a7 c2 59. a8=Q c1=Q 60.
Qb7+ Ka4 61. Qa6+ Na5 62. Bb6 Qe1+ 63. Kf4 Qb4+ 64. Ke5 Qxb6 65. Qxb6 Nc4+ 66.
Kxe6 Nxb6 1/2-1/2

[Event "London Classic FIDE Open"]
[Site "London ENG"]
[Date "2011.12.11"]
[Round "9"]
[White "Summerscale, Aaron P"]
[Black "Smith, Andrew Philip"]
[Result "1-0"]
[WhiteTitle "GM"]
[BlackTitle "FM"]
[WhiteElo "2422"]
[BlackElo "2167"]
[WhiteFideId "400980"]
[BlackFideId "2500833"]
[EventDate "2011.12.03"]

1. d4 d6 2. Nf3 Bg4 3. c4 Bxf3 4. exf3 Nd7 5. d5 g6 6. Be3 Bg7 7. Qd2 Ngf6 8.
Nc3 O-O 9. Be2 Re8 10. O-O e6 11. Rac1 Nb6 12. Rfd1 Qd7 13. Qc2 Nc8 14. Ne4 Ne7
15. Bg5 Nxe4 16. fxe4 c5 17. Bg4 f5 18. Bh3 exd5 19. exf5 Nxf5 20. Rxd5 Re5 21.
Bxf5 gxf5 22. Rxe5 Bxe5 23. g3 Rf8 24. Re1 f4 25. Qe4 f3 26. Re3 Qg7 27. Bh4 Rf4
28. Qd5+ Kh8 29. Rxf3 Rxh4 30. Qe6 Bf6 31. Rxf6 1-0

[Event "London Classic FIDE Open"]
[Site "London ENG"]
[Date "2011.12.11"]
[Round "9"]
[White "Rendle, Thomas E"]
[Black "D'Costa, Lorin A R"]
[Result "0-1"]
[WhiteTitle "IM"]
[BlackTitle "IM"]
[WhiteElo "2389"]
[BlackElo "2409"]
[WhiteFideId "408760"]
[BlackFideId "409219"]
[EventDate "2011.12.03"]

1. e4 c5 2. d3 Nc6 3. f4 g6 4. Nf3 Bg7 5. Be2 e6 6. O-O Nge7 7. Qe1 d5 8. c3 b6
9. Na3 Ba6 10. Bd2 O-O 11. Rd1 h6 12. Bc1 f5 13. e5 Rb8 14. Nc2 Qd7 15. h3 d4
16. c4 b5 17. b3 Qc7 18. Ba3 b4 19. Bb2 Bb7 20. Qg3 a5 21. Nce1 Kf7 22. h4 Ke8
23. h5 g5 24. Nxg5 hxg5 25. Qxg5 Ng8 26. Nf3 Bh6 27. Qg3 Qg7 28. Qh4 Kd7 29. Bc1
Nge7 30. Ng5 Nxe5 31. g4 Nxg4 32. Bxg4 fxg4 33. Qxg4 Nf5 34. Rde1 Rbe8 35. Rf2
Ne3 36. Bxe3 dxe3 37. Rxe3 Qa1+ 38. Rf1 Qd4 39. Qh3 Bxg5 40. fxg5 Rxf1+ 41. Kxf1
Qa1+ 0-1

[Event "London Classic FIDE Open"]
[Site "London ENG"]
[Date "2011.12.11"]
[Round "9"]
[White "Crouch, Colin S"]
[Black "Tikkanen, Hans"]
[Result "1/2-1/2"]
[WhiteTitle "IM"]
[BlackTitle "GM"]
[WhiteElo "2366"]
[BlackElo "2586"]
[WhiteFideId "400947"]
[BlackFideId "1706446"]
[EventDate "2011.12.03"]

1. d4 Nf6 2. Nf3 g6 3. Bg5 Bg7 4. Nbd2 O-O 5. e4 d5 6. Bd3 dxe4 7. Nxe4 Nxe4 8.
Bxe4 c5 9. c3 cxd4 10. Nxd4 Qa5 11. Be3 Rd8 12. O-O e5 13. Nb3 Qc7 14. Qf3 Nd7
15. Rad1 Re8 16. Bg5 a5 17. Nd2 Ra6 18. Bc2 h6 19. Bh4 f5 20. Qd5+ Kh7 21. Nc4
Nf6 22. Bxf6 Bxf6 23. Qb5 Rf8 24. Rd5 Be6 25. Rc5 Rc6 26. b4 axb4 27. cxb4 Rc8
28. Bb3 Rxc5 29. bxc5 Qxc5 30. Qxb7+ Rc7 31. Qa6 Rc6 32. Qb7+ Rc7 33. Qa6 Rc6
34. Qb7+ Bg7 35. Nxe5 Rc7 36. Nd3 Qd6 37. Qf3 Bxb3 38. axb3 Rc3 39. Rd1 Rxb3 40.
h4 Qf6 41. h5 gxh5 42. Qxh5 Qg5 43. Qe2 Rc3 1/2-1/2

[Event "London Classic FIDE Open"]
[Site "London ENG"]
[Date "2011.12.11"]
[Round "9"]
[White "Berg, Emanuel"]
[Black "Stoma, Pawel"]
[Result "0-1"]
[WhiteTitle "GM"]
[WhiteElo "2566"]
[BlackElo "2316"]
[WhiteFideId "1704060"]
[BlackFideId "1113569"]
[EventDate "2011.12.03"]

1. e4 c6 2. Nf3 d5 3. exd5 cxd5 4. Ne5 Nd7 5. d4 g6 6. Nc3 Bg7 7. f4 Ngf6 8. Qf3
O-O 9. Bd3 Qb6 10. a3 e6 11. Bd2 Qxd4 12. Be3 Nxe5 13. Qe2 Nxd3+ 14. cxd3 e5 15.
Bxd4 exd4 16. O-O dxc3 17. bxc3 d4 18. c4 Ng4 19. Rab1 Ne3 20. Rfe1 Rb8 21. Qd2
Bf5 22. Rb3 b6 23. a4 h5 24. Reb1 Rfc8 25. a5 Bf8 26. axb6 axb6 27. Ra1 Ra8 28.
Qb2 Bc5 29. Ra2 Bd7 30. h3 Bc6 31. Rxa8 Rxa8 32. Rxb6 Bxb6 33. Qxb6 Ra1+ 34. Kh2
Bxg2 35. Qd8+ Kh7 36. Qc7 Rh1+ 37. Kg3 Rxh3+ 38. Kf2 Rf3+ 39. Ke2 Nf5 40. Qxf7+
Ng7 41. Qf6 Ne6 42. f5 gxf5 43. c5 Nf4+ 44. Ke1 Nxd3+ 45. Kd2 Nf4 46. c6 Rf2+
47. Kc1 Be4 48. Qe7+ Kg6 49. c7 Rc2+ 50. Kd1 d3 51. Qd6+ Kg5 52. Qd8+ Kg4 53.
c8=Q Bf3+ 54. Ke1 Ng2+ 55. Kf1 Ne3+ 56. Kg1 Rg2+ 57. Kh1 Rg3+ 0-1

[Event "London Classic FIDE Open"]
[Site "London ENG"]
[Date "2011.12.11"]
[Round "9"]
[White "Gislason, Gudmundur"]
[Black "Pert, Nicholas"]
[Result "1/2-1/2"]
[BlackTitle "GM"]
[WhiteElo "2318"]
[BlackElo "2563"]
[WhiteFideId "2300559"]
[BlackFideId "403989"]
[EventDate "2011.12.03"]

1. d4 Nc6 2. Nf3 d5 3. e3 Bg4 4. c4 e6 5. Nc3 Nf6 6. Qa4 Bxf3 7. gxf3 dxc4 8. f4
Bb4 9. Bg2 Nd5 10. O-O a6 11. Ne4 b5 12. Qd1 O-O 13. Ng3 Nce7 14. e4 Nf6 15. Be3
c5 16. a3 cxd4 17. Bxd4 Ba5 18. Bxf6 Qxd1 19. Raxd1 gxf6 20. Nh5 Rad8 21. Nxf6+
Kg7 22. e5 Rxd1 23. Rxd1 Ng6 24. Bb7 Nxf4 25. Bxa6 Nd3 26. Bxb5 Nxb2 27. Rc1 c3
28. Kf1 Kg6 29. Ne4 Kf5 30. Nxc3 Rc8 31. Ne2 Rxc1+ 32. Nxc1 Kxe5 33. Nb3 Bb6 34.
Ke2 Kd5 35. Nd2 h6 36. Be8 f6 37. a4 Nc4 38. Nxc4 Kxc4 1/2-1/2

[Event "London Classic FIDE Open"]
[Site "London ENG"]
[Date "2011.12.11"]
[Round "9"]
[White "Cornette, Matthieu"]
[Black "Rudd, Jack"]
[Result "1-0"]
[WhiteTitle "GM"]
[BlackTitle "IM"]
[WhiteElo "2548"]
[BlackElo "2290"]
[WhiteFideId "620084"]
[BlackFideId "405736"]
[EventDate "2011.12.03"]

1. d4 Nf6 2. c4 c5 3. d5 e6 4. Nc3 exd5 5. cxd5 d6 6. e4 g6 7. f4 a6 8. e5 dxe5
9. fxe5 Ng4 10. e6 h5 11. Qa4+ Ke7 12. Bg5+ f6 13. Bf4 Ne5 14. Rd1 Bh6 15. d6+
Kxe6 16. Bc4+ Kf5 17. Qc2+ Kxf4 18. Qf2+ Kg5 19. Ne4+ Kg4 20. h3# 1-0

[Event "London Classic FIDE Open"]
[Site "London ENG"]
[Date "2011.12.11"]
[Round "9"]
[White "Croad, Nicolas"]
[Black "Smith, Axel"]
[Result "0-1"]
[WhiteTitle "FM"]
[BlackTitle "IM"]
[WhiteElo "2292"]
[BlackElo "2480"]
[WhiteFideId "4300793"]
[BlackFideId "1707930"]
[EventDate "2011.12.03"]

1. d4 Nf6 2. c4 e6 3. Nf3 d5 4. Nc3 Bb4 5. Bg5 h6 6. Bf4 dxc4 7. g3 Nd5 8. Bd2
Nb6 9. Bg2 Nc6 10. Bf4 O-O 11. O-O Qe7 12. Qc2 Bd6 13. Rad1 Bxf4 14. gxf4 Rd8
15. a3 Rb8 16. Ne4 Nd5 17. e3 b5 18. Nc5 Rb6 19. Kh1 Nb8 20. Ne5 Nd7 21. Nexd7
Bxd7 22. Rg1 Bc6 23. Qe2 Qh4 24. Be4 Nf6 25. Bxc6 Rxc6 26. Rg2 Qh5 27. f3 Qf5
28. Rdg1 g6 29. Qf2 Kg7 30. Qh4 Qh5 31. Qf2 Qf5 32. Qh4 Qh5 33. Qf2 Rxc5 34.
dxc5 Qxc5 35. Qc2 Rd3 36. e4 Nh5 37. f5 exf5 38. Rd2 fxe4 39. fxe4 Qe3 40. Re2
Qf3+ 0-1

[Event "London Classic FIDE Open"]
[Site "London ENG"]
[Date "2011.12.11"]
[Round "9"]
[White "Karthikeyan, Murali"]
[Black "Hunt, Adam C"]
[Result "0-1"]
[BlackTitle "IM"]
[WhiteElo "2154"]
[BlackElo "2458"]
[WhiteFideId "5074452"]
[BlackFideId "403970"]
[EventDate "2011.12.03"]

1. e4 c5 2. Nf3 d6 3. d4 cxd4 4. Nxd4 Nf6 5. Nc3 a6 6. Be3 e5 7. Nb3 Be7 8. f3
Be6 9. Qd2 O-O 10. O-O-O a5 11. Qf2 a4 12. Nc5 a3 13. b3 Qc8 14. N5a4 Nbd7 15.
Kb1 Ra5 16. Bc1 d5 17. exd5 Nxd5 18. Nxd5 Bxd5 19. c4 Be6 20. Nc3 Nc5 21. Qe1
Bf5+ 22. Ka1 Na6 23. Ne4 Nb4 24. Kb1 Rd8 25. Rxd8+ Qxd8 26. Qc3 Qc7 27. Bd2 Ra8
28. Qe3 Bc5 29. Qe1 Qd7 30. g4 Bg6 31. Bc1 Rd8 32. Qe2 Nd3 33. Bg2 Nf2 34. Rf1
Qd4 35. Bxa3 Nxe4 0-1